<?xml version="1.0" encoding="UTF-8"?>
<record
    xmlns:xsi="http://www.w3.org/2001/XMLSchema-instance"
    xsi:schemaLocation="http://www.loc.gov/MARC21/slim http://www.loc.gov/standards/marcxml/schema/MARC21slim.xsd"
    xmlns="http://www.loc.gov/MARC21/slim">

  <leader>00969nam a2200169 a 4500</leader>
  <controlfield tag="001">000045989</controlfield>
  <controlfield tag="005">20201002052550.0</controlfield>
  <controlfield tag="008">150605s2007    dr            000 0 spa d</controlfield>
  <datafield tag="020" ind1=" " ind2=" ">
    <subfield code="a">9789945866100</subfield>
  </datafield>
  <datafield tag="040" ind1=" " ind2=" ">
    <subfield code="a">DO-SdBNP</subfield>
    <subfield code="b">spa</subfield>
    <subfield code="c">BNPHU</subfield>
  </datafield>
  <datafield tag="110" ind1="1" ind2=" ">
    <subfield code="a">Rep&#xFA;blica Dominicana.</subfield>
    <subfield code="b">Comisi&#xF3;n Presidencial de Pol&#xED;tica Farmaceutica Nacional</subfield>
    <subfield code="9">74055</subfield>
  </datafield>
  <datafield tag="245" ind1="1" ind2="0">
    <subfield code="a">Pol&#xED;tica farmac&#xE9;utica nacional = C&#xF3;mo desarrollar y aplicar una pol&#xED;tica farmac&#xE9;utica nacional.</subfield>
  </datafield>
  <datafield tag="260" ind1=" " ind2=" ">
    <subfield code="a">Santo Domingo :</subfield>
    <subfield code="b">Comisi&#xF3;n Presidencial de Pol&#xED;tica Farmaceutica Nacional,</subfield>
    <subfield code="c">2007.</subfield>
  </datafield>
  <datafield tag="300" ind1=" " ind2=" ">
    <subfield code="a">90 p. ;</subfield>
    <subfield code="c">22 cm.</subfield>
  </datafield>
  <datafield tag="504" ind1=" " ind2=" ">
    <subfield code="a">Bibliograf&#xED;a p: 87-90</subfield>
  </datafield>
  <datafield tag="505" ind1="0" ind2=" ">
    <subfield code="t">Pr&#xF3;logo --</subfield>
    <subfield code="g">capitulo I --</subfield>
    <subfield code="t">Contextualizaci&#xF3;n --</subfield>
    <subfield code="g">capitulo II --</subfield>
    <subfield code="t">Situaci&#xF3;n de los medicamentos en la Rep&#xFA;bica Dominicana --</subfield>
    <subfield code="g">capitulo III --</subfield>
    <subfield code="t">Prop&#xF3;sito y objetivos de la pol&#xED;tica farmaceutina nacional --</subfield>
    <subfield code="g">capitulo IV --</subfield>
    <subfield code="t">Directrices y estrategias --</subfield>
    <subfield code="g">anexo --</subfield>
    <subfield code="t">C&#xF3;mo desarrollar y aplicar una pol&#xED;tica farmac&#xE9;utica nacional --</subfield>
  </datafield>
  <datafield tag="952" ind1=" " ind2=" ">
    <subfield code="0">0</subfield>
    <subfield code="1">0</subfield>
    <subfield code="7">1</subfield>
    <subfield code="8">PD</subfield>
    <subfield code="a">PD</subfield>
    <subfield code="b">PD</subfield>
    <subfield code="c">HD</subfield>
    <subfield code="d">2015-06-05</subfield>
    <subfield code="i">LF1</subfield>
    <subfield code="l">0</subfield>
    <subfield code="o"> </subfield>
    <subfield code="p">45989-10</subfield>
    <subfield code="r">2020-06-25</subfield>
    <subfield code="w">2020-06-25</subfield>
    <subfield code="y">LFPD</subfield>
    <subfield code="Z">No se presta</subfield>
  </datafield>
  <datafield tag="999" ind1=" " ind2=" ">
    <subfield code="c">45478</subfield>
    <subfield code="d">45478</subfield>
  </datafield>
</record>
